Pokémon - Les attaques de Mushana - Statistiques

Statistiques générales
  • Ce quiz a été pris 12 fois
  • Le résultat moyen est 12 sur 16
Statistiques - réponses
Niveaux Types Noms des attaques % Correct
Départ Psy Dévorêve
100%
Départ Psy Force Ajoutée
100%
Départ Psy Hypnose
100%
Départ Fée Pouvoir Lunaire
100%
Départ Psy Psyko
100%
Départ Psy Rafale Psy
86%
Départ Normal Bâillement
71%
Départ Psy Plénitude
71%
Départ Psy Psykoud'Boul
71%
Départ Psy Zone Étrange
71%
Départ Normal Boul'Armure
57%
Départ Psy Champ Psychique
57%
Départ Psy Possessif
57%
Départ Psy Prescience
57%
Départ Fée Rayon Lune
57%
Départ Psy Reflet Magik
0%
Aucun quiz correspondant
Distribution des résultats
% des personnes avec chaque résultat
Percentile par nombre de réponses
Votre historique - résultats
Vous n’avez pas pris ce quiz